Normal view
MARC view
- محاسبة التكاليف
Entry Topical Term
001 - CONTROL NUMBER
- control field: 45490
003 - CONTROL NUMBER IDENTIFIER
- control field: JO-AjAnu
005 - DATE AND TIME OF LATEST TRANSACTION
- control field: 20230606081526.0
008 - FIXED-LENGTH DATA ELEMENTS
- fixed length control field: 230606|| aca||aabn | a|a d
040 ## - CATALOGING SOURCE
- Original cataloging agency: JO-AjAnu
- Transcribing agency: JO-AjAnu
150 ## - HEADING--TOPICAL TERM
- Topical term or geographic name entry element: محاسبة التكاليف
670 ## - SOURCE DATA FOUND
- Source citation: Work cat.: (JO-AjAnu)23291: السيرية، محمد علي احمد, author 45489, محاسبة التكاليف: دراسة نظرية واجراءات تطبيقية